000 00338cam a22001097a 4500
008 180718b-- xxu||||| |||| 00| 0 eng d
082 _aY15303x5433 A
100 _aPunjab. Legislative Department
245 _aThe Punjab bhudan yagna act, 1955 (Punjab act no. 45 of 1955)
260 _aChandigarh
_bThe author
_c--
500 _aLibrary has 1955
999 _c383334
_d383334